000 00363nam a2200157Ia 4500
003 0STCL
008 150530s9999 xx 000 0 und d
040 _aSTCL
_cSTCL
100 _aFinn, F.E.S.; Editor
245 _aContact two short stories of the 1960
260 _c1969
546 _aEnglish
942 _2ddc
_cBK
999 _c58164
_d58164
005 20220125171042.0